000 01204cad a22002175a 4500
001 E149712
008 100414s2009 xxk f 000 0 eng d
035 _a(Sirsi) u149712
041 0 _aeng
100 1 _aCrawshaw, Thomas
245 0 0 _aRethinking housing taxation
_boptions for reform
_h[electronic resource]
260 _aLondon
_bShelter
_c2009
505 2 _aSummary -- background -- Current taxes and issues -- Options for reform -- Policy directions
520 _aArgues that reform of the housing taxation system is required to address four main issues: the unstable housing market; problems with affordability of housing; unequal tenure choices; and inequalities in housing wealth. Discusses various options for reform and emphasises the importance of a national policy debate on the future of the housing taxation system.
521 _aAdvanced
590 _aKA
651 4 _aUnited Kingdom
_y
690 _aPROPERTY-PROPERTY TAXATION
856 4 0 _uhttps://scotland.shelter.org.uk/professional_resources/policy_library/policy_library_folder/rethinking_housing_taxation_-_a_policy_discussion_paper
_zView the discussion paper free of charge at http://scotland.shelter.org.uk
942 _n0
999 _c110607
_d110607